| 000 | 00578cam a2200205 a 4500 | ||
|---|---|---|---|
| 020 | _a007068376X : | ||
| 040 | _cDLC | ||
| 082 | 0 | 0 | _a636 HIL 1990 A091 Or. |
| 100 | 1 | _aLegates, James Edward. | |
| 245 | 1 | 0 | _aBreeding and improvement of farm animals / |
| 250 | _a8th ed. | ||
| 260 |
_aNew York : _bMcGraw-Hill, _cc1990. |
||
| 300 |
_axii, 342 p. : _bill. ; _c25 cm. |
||
| 500 | _aWarwick's name appears first on the earlier edition. | ||
| 650 | 0 | _aLivestock | |
| 650 | 0 | _aLivestock | |
| 650 | 0 | _aLivestock improvement. | |
| 700 | 1 | _aWarwick, Everett James, | |
| 942 | _cEK | ||
| 999 |
_c15817 _d15817 |
||